000 00487nam a2200193Ia 4500
005 20250326125941.0
008 250326s9999 xx 000 0 und d
037 _aTextbook
040 _aFMSL
_beng
_cFMSL
041 _aeng
_2eng
084 _aX:8 N8
_qFMSL
100 _aKoontz H
_9328988
245 0 _aPrinciples of management
_cKoontz H
250 _a4
260 _aNY
_bNY, McGraw-Hill
_c1968
300 _a822p
942 _cTB
_hX:8 N8
999 _c1280306
_d1280306